000 01047cab a2200289 4500
001 ABS48455
008 090401t1993 xxu||||| |||| 00| 0 eng d
035 _a(Sirsi) u66839
041 _aeng
100 _aGibbs, P.R.
245 _aHousing Act 1988 and its effect on the private residential sector
260 _c1993
350 _a0
490 _aProperty Journal
_vApril 1993, 17-18(2)
520 _aConsiders how far the Housing Act 1988 has redressed the balance of the private rented social housing sector in the landlord`s favour by allowing the landlord to charge market rents and the creation of Assured Shorthold Tenancy agreements.
650 _aASSURED SHORTHOLD TENANCIES
650 _aEMPTY HOUSES
650 _aHOUSING ACT 1988
650 _aINVESTMENT
650 _aMARKET RENTS
650 _aPRIVATE RENTED SECTOR
650 _aRENT ACTS 1977
650 _aSOCIAL HOUSING
690 _aPROPERTY-RESIDENTIAL PROPERTY-RESIDENTIAL LANDLORD AND TENANT-RESIDENTIAL TENANCIES
942 _n0
948 _c04/03/1997
999 _c41768
_d41768